| 000 | 00503nam a22001457a 4500 | ||
|---|---|---|---|
| 999 |
_c130021 _d130021 |
||
| 008 | 191113b ||||| |||| 00| 0 eng d | ||
| 020 | _a0-620-19726-9 | ||
| 050 | _aPQ9938.S56 S56 | ||
| 245 |
_aShort stories from Mozambique _c/ edited by Richard Bartlett |
||
| 260 |
_aJohannesburg: _bCosaw Publishing, _c1995. |
||
| 300 |
_a279p. ; _c18cm. |
||
| 650 |
_aShort stories, Mozambique (Portuguese) _xTranslations into english _948648 |
||
| 700 |
_a Bartlett, Richard _eed. _948649 |
||
| 942 |
_2lcc _cMONOGRAPH |
||